| 000 | 01071naa a22002897a 4500 | ||
|---|---|---|---|
| 001 | BR9700961 | ||
| 003 | BR-BrBNA | ||
| 005 | 20250721155543.0 | ||
| 007 | ta | ||
| 008 | 250630b bl.|||m| |||| 00| 0 por d | ||
| 040 |
_aBR-BrBNA _bpor _cBiblioteca Nacional de Agricultura |
||
| 041 | _a(Pt) | ||
| 072 |
_aF02 _b3530 |
||
| 090 | _aF02 BR9700961 | ||
| 100 | 1 | _aGuedes, P.M. | |
| 100 | 1 | _aOliveira, A.J.A. | |
| 100 | 1 | _aPacheco, L.J.A. | |
| 245 | 1 | _aPolitica da fiscalizacao de mudas fruteiras no Distrito Federal | |
| 500 | _aProducao de mudas frutiferas sob condicoes do ecossistema de cerrados Planaltina, DF (Brasil): 1996. p. 105-112 (BR9700961-AMS) | ||
| 773 | 0 |
_tProducao de mudas frutiferas sob condicoes do ecossistema de cerrados _wF02 BR9700961 _gPlanaltina, DF (Brasil), 1996. p. 105-112 |
|
| 650 | _aCertificacao de Muda | ||
| 650 | _aMuda | ||
| 650 | _aDistrito Federal | ||
| 490 |
_aDocumentos - Centro de Pesquisa Agropecuaria dos Cerrados (Brazil) _vno. 62 _xISSN 0102-0021 |
||
| 942 |
_cAMS _2AGRIS |
||
| 909 |
_a202506 _bLúcia _c55 _dLúcia Elande |
||
| 999 |
_c337202 _d337202 |
||